Share valuations

Bibliographic Details
Main Author: Baynes, Thomas Austin Hamilton
Format: Book
Published: London : Heinemann , 1973
Subjects:

MARC

LEADER 00000cam a2200000 7i4500
001 0000009463
005 20161123.0
020 |a 0434901032 
040 |a INS 
090 0 0 |a HG4028.V3   |b B39 1973 
100 1 |a Baynes, Thomas Austin Hamilton 
245 1 0 |a Share valuations   |c T. A. Hamilton Baynes 
260 |a London :   |b Heinemann ,   |c 1973 
300 |a 206p ;   |c 23cm. 
650 0 0 |a Corporations   |x Valuation   |x Law and legislation   |z Great Britain 
999 |a 0000022995   |b BOOK   |c Open Shelf   |e Default branch